Catequizar: problema de renovación, en el contexto de la iglesia y el mundo de hoy
Պահպանված է:
| Հիմնական հեղինակ: | |
|---|---|
| Ձևաչափ: | Գիրք |
| Լեզու: | իսպաներեն |
| Հրապարակվել է: |
Barcelona
Estela
1965
|
| Խորագրեր: | |
| Ցուցիչներ: |
Ավելացրեք ցուցիչ
Չկան պիտակներ, Եղեք առաջինը, ով նշում է այս գրառումը!
|
MARC
| LEADER | 00000nam a2200000 a 4500 | ||
|---|---|---|---|
| 001 | UCL5367 | ||
| 003 | CL-VaPUC | ||
| 008 | 040312e19650000SP |||||||||||||||||spa|d | ||
| 082 | 0 | 4 | |a 268 |b MIS |2 21 |
| 100 | |a Misser Vallés, Salvador |e autor |9 483107 | ||
| 245 | 1 | 0 | |a Catequizar: problema de renovación, en el contexto de la iglesia y el mundo de hoy |
| 300 | |a 454 p | ||
| 942 | |c BK | ||
| 945 | |d 20040312 00:00:00 |a vberengu | ||
| 260 | |a Barcelona |b Estela |c 1965 | ||
| 650 | 0 | |a Catequesis |9 314526 | |
| 650 | 0 | |a Educación religiosa |9 308312 | |
| 583 | |a last modification |c 20040312 00:00:00 |k Rodrigo Vera | ||
| 999 | |c 307976 |d 307974 | ||
| 952 | |0 0 |1 0 |4 0 |6 268_000000000000000_MIS_1965 |7 0 |8 A |9 374172 |a BIBTEO |b BIBTEO |d 2019-11-21 |i 3384632 |o 268 MIS 1965 |p 3384632 |r 2025-01-17 |w 2019-11-21 |y BK |k ICR | ||